Megérkeztek finn vendégeink ma: tájékoztatók Szeged életéről [fényképpel] /
Elmentve itt :
| Szerző: | |
|---|---|
| Dokumentumtípus: | Cikk |
| Megjelent: |
1970-07-04
|
| Sorozat: | Délmagyarország
60 No. 155 |
| Kulcsszavak: | Finn - magyar barátsági hét 1970, külföldi politikusok látogatásai |
| Online Access: | http://dmarchiv.bibl.u-szeged.hu/71190 |
| LEADER | 00574nab a2200157 i 4500 | ||
|---|---|---|---|
| 001 | delm71190 | ||
| 005 | 20180928082358.0 | ||
| 008 | 180928s1970 hu o 0|| hun d | ||
| 040 | |a SZTE Délmagyarország Archívum |b hun | ||
| 041 | |a hun | ||
| 100 | 1 | |a Somogyi Károlyné | |
| 245 | 1 | 0 | |a Megérkeztek finn vendégeink |h [elektronikus dokumentum] : |b ma: tájékoztatók Szeged életéről [fényképpel] / |c Somogyi Károlyné |
| 260 | |c 1970-07-04 | ||
| 300 | |a 1 | ||
| 490 | 0 | |a Délmagyarország |v 60 No. 155 | |
| 695 | |a Finn - magyar barátsági hét 1970, külföldi politikusok látogatásai | ||